"Ekonomický výskum v období pandémie Covid-19: výzvy a úspechy" zborník vedeckých statí z workshopu konaného 8. 11. 2021 pri príležitosti Týždňa vedy a techniky na Slovensku 2021 = Journal of Scientific States
Guardado en:
| Autor Corporativo: | |
|---|---|
| Otros Autores: | , , , , |
| Formato: | Libro |
| Lenguaje: | eslovaco inglés |
| Publicado: |
Bratislava
Vydavateľstvo EKONÓM
2021
|
| Edición: | 1. vydanie |
| Materias: | |
| Etiquetas: |
Sin Etiquetas, Sea el primero en etiquetar este registro!
|
MARC
| LEADER | 00000nlm a2200000 4500 | ||
|---|---|---|---|
| 001 | 0280685 | ||
| 005 | 20240502074346.2 | ||
| 020 | |a 978-80-225-4870-0 | ||
| 020 | |a 978-80-225-4756-7 | ||
| 041 | 0 | |a slo | |
| 041 | 0 | |a eng | |
| 044 | |a SK | ||
| 245 | 1 | 0 | |a "Ekonomický výskum v období pandémie Covid-19: výzvy a úspechy" |b zborník vedeckých statí z workshopu konaného 8. 11. 2021 pri príležitosti Týždňa vedy a techniky na Slovensku 2021 = Journal of Scientific States |c zborník editovali: Ivana Lennerová, Ivan Francisti, Hussein Mkiyes ; recenzenti: Vieroslava Holková, Vladimír Gonda |
| 250 | |a 1. vydanie | ||
| 264 | 1 | |a Bratislava |b Vydavateľstvo EKONÓM |c 2021 | |
| 300 | |a CD-ROM 146 s. [7,3 AH] | ||
| 610 | 2 | 0 | |a výskum ekonomický |
| 610 | 2 | 0 | |a pandémia |
| 610 | 2 | 0 | |a koronavírus |
| 610 | 2 | 0 | |a migrácia |
| 610 | 2 | 0 | |a konkurencieschopnosť |
| 700 | 1 | |a Lennerová, Ivana, 1979- | |
| 700 | 1 | |a Francisti, Ivan, 1997- | |
| 700 | 1 | |a Mkiyes, Hussein, 1996- | |
| 700 | 1 | |a Holková, Vieroslava | |
| 700 | 1 | |a Gonda, Vladimír | |
| 710 | 2 | |a Národohospodárska fakulta EU. Katedra ekonómie | |